000 00483nam a22001937a 4500
005 20240902022727.0
008 240902b |||||||| |||| 00| 0 eng d
020 _a0415135745
082 _222
_a800
245 _aApproaching Literature
_bLiterature and Gender
260 _aLondon
_bRoutledge
_c1996
300 _axiv, 403 p ., ( 2nd copy)
650 _aGender
650 _aWomen
650 _aLiterature
650 _aFeminine
700 _aGoodman, Lizbeth
_eedt
942 _cL
999 _c5920
_d5920